000
00290nam a22001337a 4500
003
SGT
082
_a
615.538
_b
A17D
100
_a
DIWEDEE, MANJARI
245
_a
ABHINAV PRASUTI TANTRA
260
_a
DELHI
_b
CHAUKHAMBHA PUB
_c
2017
300
_a
359
650
_a
AYURVEDA
942
_2
ddc
_c
BK
_0
1
999
_c
11525
_d
11525